000 00578nam a2200205 a 4500
999 _c1932
_d1932
007 ta
008 200122t2008 ii ||||g |||| 00| 0 eng d
040 _aKO
_beng
041 0 _aeng
044 _aii
082 0 4 _223
_a623.881
_bIn255
110 _aIndian Register of Shipping
245 1 0 _aClassification Notes :
_bType Testing Procedure for Crankcase Explosion Relief Valves /
_cIndian Register of Shipping
260 _aMumbai :
_bIndian Register of Shipping,
_c2008.
300 _a20 p. ;
_c30 cm
650 0 _aShipbuilding
904 _aA_BOSE
942 _cBK